Understanding MBS (the modified budgeting system)

Bibliographic Details
Main Author: Xavier, John Anthony
Format: Book
Published: Kuala Lumpur : Institut Tadbiran Awam Negara (INTAN) , 2002
Series:Siri pengurusan INTAN
Subjects:

MARC

LEADER 00000cam a2200000 7i4500
001 0000003206
005 20050315.0
020 0 0 |a 9679933857 
090 0 0 |a 658.154   |b XAV 
100 0 0 |a Xavier, John Anthony 
245 0 0 |a Understanding MBS (the modified budgeting system)   |c John Anthony Xavier 
260 0 0 |a Kuala Lumpur :   |b Institut Tadbiran Awam Negara (INTAN) ,   |c 2002 
300 |a xiii, 111p. :   |b ill. ;   |c 21cm. 
440 0 0 |a Siri pengurusan INTAN 
650 0 0 |a Budget 
650 0 0 |a Expenditure, Public 
650 0 0 |a Program budgeting 
999 |a 0000006169   |b Monograph   |c Open Shelf   |e Default branch